000 00415nam a2200169Ia 4500
005 20250603145737.0
008 250603s9999 xx 000 0 und d
020 _a97810394158485
050 _aQA 76.754 .H84/
100 _a Hughes, Chris
245 0 _aSoftware Transparenc
260 _aIndianapolis
260 _bJohn Wiley and Sons
300 _axxxi, 295p.: ill.
650 _aIndianapolis
942 _cBK
999 _c42725
_d42725